Search the Library Catalogue
| 000 -LEADER | |
|---|---|
| fixed length control field | 00711nam a2200241Ia 4500 |
| 008 - FIXED-LENGTH DATA ELEMENTS--GENERAL INFORMATION | |
| fixed length control field | 191130s1984##################000#0#eng## |
| 020 ## - INTERNATIONAL STANDARD BOOK NUMBER | |
| ISBN | 9780521275156 |
| 082 ## - DEWEY DECIMAL CLASSIFICATION NUMBER | |
| Classification number | 324.9 ENE |
| 100 ## - MAIN ENTRY--AUTHOR NAME | |
| Personal name | Enelow, James M |
| 245 ## - TITLE STATEMENT | |
| Title | The spatial theory of voting : an introduction |
| Statement of responsibility, etc | James M. Enelow, Melvin J. Hinich |
| 260 ## - PUBLICATION, DISTRIBUTION, ETC. (IMPRINT) | |
| Place of publication | Cambridge |
| Name of publisher | Cambridge University Press |
| Year of publication | c1984 |
| 300 ## - PHYSICAL DESCRIPTION | |
| Number of Pages | xv, 238 p. : ill. ; 24 cm |
| 500 ## - GENERAL NOTE | |
| General note | Includes index. Bibliography: p. 224-228 |
| 650 ## - SUBJECT ADDED ENTRY--TOPICAL TERM | |
| Topical Term | Elections |
| Topical Term | Social choice |
| Topical Term | Voting |
| 700 ## - ADDED ENTRY--PERSONAL NAME | |
| Personal name | Hinich, Melvin J |
| 991 ## - | |
| -- | 141711 |
| Withdrawn status | Lost status | Damaged status | Not for loan | Home library | Current library | Shelving location | Date acquired | Full call number | Accession Number | Price effective from | Koha item type |
|---|---|---|---|---|---|---|---|---|---|---|---|
| Anna Centenary Library | Anna Centenary Library | 3RD FLOOR, B WING | 09.10.2020 | 324.9 ENE | 240039 | 09.10.2020 | English Books |